Advanced process biotechnology (Record no. 33582)

MARC details
000 -LEADER
fixed length control field 00681nam a2200181 a 4500
001 - CONTROL NUMBER
control field 016076407
008 - FIXED-LENGTH DATA ELEMENTS--GENERAL INFORMATION
fixed length control field 181004s2006 ||||||||||||||||| || u
020 ## - INTERNATIONAL STANDARD BOOK NUMBER
International Standard Book Number 190479873X (hbk.)
050 ## - LIBRARY OF CONGRESS CALL NUMBER
Classification number TP 248.3 Adv
100 ## - MAIN ENTRY--PERSONAL NAME
Personal name Mukhopadhyay, S. N
245 10 - TITLE STATEMENT
Title Advanced process biotechnology
Statement of responsibility, etc. edited by S. N. Mukhopadhyay
260 ## - PUBLICATION, DISTRIBUTION, ETC.
Place of publication, distribution, etc. Tunbridge Wells:
Name of publisher, distributor, etc. Anshan Ltd
Date of publication, distribution, etc. 2006
300 ## - PHYSICAL DESCRIPTION
Extent xiv, 382p.: ill.
500 ## - GENERAL NOTE
General note Includes bibliographical references
650 #0 - SUBJECT ADDED ENTRY--TOPICAL TERM
Topical term or geographic name entry element BIOTECHNOLOGY
650 #0 - SUBJECT ADDED ENTRY--TOPICAL TERM
Topical term or geographic name entry element BIOCHEMICAL ENGINEERING
995 ## - RECOMMENDATION 995 [LOCAL, UNIMARC FRANCE]
-- CBU-MAIN LIBRARY (Kitwe)
-- 57.10
-- 1
-- AVAILABLE
-- Oct 4, 2018
-- Main Library Open Access Collection
Holdings
Withdrawn status Lost status Source of classification or shelving scheme Damaged status Not for loan Home library Current library Shelving location Date acquired Total Checkouts Full call number Barcode Date last seen Price effective from Koha item type
          CBU-MAIN LIBRARY, KITWE. CBU-MAIN LIBRARY, KITWE.   11/30/2022   TP 248.3 Adv 748537 11/30/2022 11/30/2022 MONOGRAPH